000
00291nam a2200121Ia 4500
005
20251222141936.0
008
251222s9999||||xx |||||||||||||| ||spa||
082
_a
342.06/M84
100
_a
Montenegro Castro, Marino
245
0
_a
Derecho Administrativo IV
264
_b
Imprego
942
_c
LIB
999
_c
9205
_d
9205